00870nam a2200253 a 450000100060000000300080000600500170001400800410003103500190007204000310009104100080012208200220013010000430015224500940019525000120028926000420030130000290034350000190037265000350039165000290042694200120045599900170046795201320048475056BD-RjUL20211209082635.0190114s1961 enkaa b 001 0 eng  a(BD-RjUL)75274 aDLC/ICUcICUdBD-RjULbeng aeng00223a548bBUC 19611 aBunn, C. W.q(Charles William)920881910aChemical crystallography :ban introduction to optical and X-ray methods /cby C.W. Bunn. a 2nd ed aOxford :bThe Clarendon press,c1961. a509 p. :bill. ;c25 cm. aIncludes index 0aX-ray crystallography.9142963 0aStereochemistry.9208820 2ddccBK c75056d75056 00102ddc40708NFICaRUCLbRUCLcReadingd1961-09-04eColombo Planl0o548 BUC 1961r2019-01-14 00:00:00tC-1w2019-01-14yBK